[Event "Saratov Region-ch Seniors"]
[Site "Saratov"]
[Date "2017.11.03"]
[Round "3"]
[White "Astashina, Galina"]
[Black "Strekalov, Boris"]
[Result "0-1"]
[WhiteElo "1583"]
[BlackElo "1565"]
[PlyCount "80"]
[EventDate "2017.11.01"]
[EventType "swiss"]
[EventRounds "9"]
[EventCountry "RUS"]
[SourceTitle "EXT 2019"]
[Source "ChessBase"]
[SourceDate "2018.10.10"]
[SourceVersion "1"]
[SourceVersionDate "2018.10.10"]
[SourceQuality "1"]

1. e4 c6 2. Nc3 e6 3. d4 d5 4. Nf3 Bb4 5. Bd3 dxe4 6. Bxe4 Nf6 7. Bd3 Bxc3+ 8. bxc3 Nd5 9. Bd2 0-0 10. 0-0 Nd7 11. c4 Nc7 12. Bf4 Nf6 13. c3 Nce8 14. Qc2 g6 15. Bh6 Ng7 16. h3 Re8 17. g4 Qd6 18. Qd2 Nd7 19. c5 Qe7 20. Rae1 b6 21. Be4 Bb7 22. Rb1 b5 23. a4 a6 24. axb5 axb5 25. c4 Nf6 26. Bg5 Nxe4 27. Qe3 Nxg5 28. Nxg5 Ba6 29. cxb5 Bxb5 30. Rfe1 Rad8 31. Ne4 Rd5 32. f4 f5 33. Nc3 Bc4 34. Nxd5 Bxd5 35. Qg3 Be4 36. Rb6 Qd7 37. Qe3 Rd8 38. Rd1 Qa7 39. Rb2 Qa4 40. Kf2 Qxd1 0-1

[Event "Saratov Region-ch Seniors"]
[Site "Saratov"]
[Date "2017.11.02"]
[Round "2"]
[White "Kupinskaja, Evgeny"]
[Black "Astashina, Galina"]
[Result "1-0"]
[WhiteElo "1449"]
[BlackElo "1583"]
[PlyCount "71"]
[EventDate "2017.11.01"]
[EventType "swiss"]
[EventRounds "9"]
[EventCountry "RUS"]
[SourceTitle "EXT 2019"]
[Source "ChessBase"]
[SourceDate "2018.10.10"]
[SourceVersion "1"]
[SourceVersionDate "2018.10.10"]
[SourceQuality "1"]

1. e4 e5 2. Nf3 Nc6 3. Bc4 Nf6 4. Ng5 d5 5. exd5 b5 6. Bxb5 Qxd5 7. Bxc6+ Qxc6 8. 0-0 h6 9. Nf3 Bc5 10. Nxe5 Qb6 11. c3 0-0 12. d4 Bd6 13. Nc4 Qc6 14. Nxd6 cxd6 15. Nd2 Bb7 16. Nf3 g5 17. h3 Rfe8 18. Re1 Ne4 19. Be3 f5 20. Rc1 f4 21. Bd2 Bc8 22. c4 Bf5 23. Bb4 a5 24. Ba3 Kh7 25. d5 Qd7 26. Nh2 Qa7 27. Qf3 Nd2 28. Qd1 Ne4 29. Rc2 Ng3 30. Rd2 Ne4 31. Rde2 Ng3 32. Rxe8 Rxe8 33. Rxe8 Ne4 34. Qe2 Kg6 35. Rxe4 Bxe4 36. Qxe4+ 1-0

[Event "Saratov region-ch Seniors"]
[Site "Saratov"]
[Date "2016.11.07"]
[Round "6.6"]
[White "Astashina, Galina"]
[Black "Kupinskaja, Evgeny"]
[Result "1/2-1/2"]
[WhiteElo "1641"]
[BlackElo "1508"]
[PlyCount "100"]
[EventDate "2016.11.04"]
[EventType "swiss"]
[EventRounds "7"]
[EventCountry "RUS"]
[SourceTitle "EXT 2022"]
[Source "ChessBase"]
[SourceDate "2021.10.06"]
[SourceVersion "1"]
[SourceVersionDate "2021.10.06"]
[SourceQuality "1"]

1. e4 e6 2. d4 d5 3. Nd2 Nc6 4. c3 dxe4 5. Nxe4 Nge7 6. Nf3 Nf5 7. Bd3 Be7 8. Qc2 Qd5 9. Bf4 Qa5 10. 0-0 Nd6 11. a4 f5 12. b4 Nxb4 13. cxb4 Qxb4 14. Rab1 Qa5 15. Nxd6+ cxd6 16. Bb5+ Kf7 17. Bd3 Qd8 18. Rfc1 Rf8 19. Qc7 Kg8 20. Qxd8 Rxd8 21. Rc7 Kf8 22. h3 h6 23. h4 b6 24. Rbc1 a5 25. Bb5 Rb8 26. Ra7 Rb7 27. Ra8 Bd7 28. Rxd8+ Bxd8 29. Bxd6+ Ke8 30. Bxd7+ Kxd7 31. Be5 g5 32. hxg5 hxg5 33. g3 g4 34. Nd2 Bg5 35. Rc2 Be7 36. Kg2 b5 37. axb5 Rxb5 38. Rc7+ Kd8 39. Ra7 Bb4 40. Nc4 Kc8 41. Rxa5 Rxa5 42. Nxa5 Bxa5 43. f3 Kd7 44. fxg4 fxg4 45. Kf2 Bd2 46. Ke2 Bg5 47. Kd3 Ke7 48. Ke4 Kf7 49. Bf4 Bf6 50. Be5 Bg5 1/2-1/2